000 00293nam a2200121Ia 4500
008 190216s9999||||xx |||||||||||||| ||und||
100 _aSubbash Satheesh Ans Sindhwani
245 0 _aThermodyanamics
260 _bJaiprakash Nath &co
_c1978
300 _a164p
650 _aPhysics
942 _cBK
999 _c32889
_d32889